Clubs de Ligue 1 2025-2026 - Mort subite - Statistiques

Statistiques générales
  • Ce quiz a été pris 308 fois
  • Le résultat moyen est 16 sur 18
Answers on the Grid
Answers color-coded by a green-red scale on the quiz's grid according to % correct below.
PSG
OM
Nantes
OL
Toulouse
Rennes
Strasbourg
Angers
Auxerre
Brest
Le Havre
Lens
Lille
Lorient
Nice
Metz
Monaco
Paris FC
Red Star
Clermont
Pau
Annecy
Le Mans
Grenoble
Sochaux
Bordeaux
Ajaccio
Bastia
Troyes
Saint-Étienne
 
Statistiques - réponses
Réponse % Correct
PSG
92%
OL
91%
Monaco
90%
OM
90%
Lille
89%
Nantes
89%
Nice
89%
Toulouse
89%
Brest
88%
Lens
88%
Paris FC
88%
Rennes
88%
Strasbourg
88%
Angers
83%
Auxerre
83%
Metz
82%
Lorient
81%
Le Havre
80%
Aucun quiz correspondant
Distribution des résultats
% des personnes avec chaque résultat
Percentile par nombre de réponses
Votre historique - résultats
Vous n’avez pas pris ce quiz